Vista normal
Vista MARC
- Pendergrast, Mark
Entrada Personal Name
Número de registros utilizados en: 1
001 - CONTROL NUMBER
- control field: 11547
003 - CONTROL NUMBER IDENTIFIER
- control field: OSt
005 - DATE AND TIME OF LATEST TRANSACTION
- control field: 20160620103940.0
008 - FIXED-LENGTH DATA ELEMENTS
- fixed length control field: 160620|| aca||aabn | a|a d
040 ## - CATALOGING SOURCE
- Original cataloging agency: OSt
- Transcribing agency: OSt
100 ## - HEADING--PERSONAL NAME
- Personal name: Pendergrast, Mark
670 ## - SOURCE DATA FOUND
- Source citation: Work cat.: (OSt)0: Pendergrast, Mark, El estilo Coca-Cola: estrategias para competir en un mercado global , 2007